[Event "WYCC U16 Open 2013"]
[Site "Al-Ain UAE"]
[Date "2013.12.27"]
[Round "10.17"]
[White "Bora, Safal"]
[Black "Ali Marandi, Cemil Can"]
[Result "1-0"]
[BlackTitle "IM"]
[WhiteElo "2176"]
[BlackElo "2391"]
[WhiteFideId "2066149"]
[BlackFideId "6300529"]
[EventDate "2013.12.18"]

1. Nf3 d5 2. g3 Bg4 3. Bg2 Nd7 4. O-O e6 5. d4 Bd6 6. Nbd2 Ngf6 7. Re1 O-O 8. e4
dxe4 9. Nxe4 Nxe4 10. Rxe4 Nf6 11. Re1 c6 12. c3 Qc7 13. Qb3 Nd7 14. Nd2 e5 15.
Ne4 Be6 16. Qc2 Bf5 17. dxe5 Bxe5 18. Nf6+ Nxf6 19. Qxf5 Rfe8 20. Bg5 g6 21. Qc2
Nd7 22. Rad1 Nf8 23. Kh1 Bg7 24. Bf4 Rxe1+ 25. Rxe1 Qd7 26. h4 Re8 27. Rxe8 Qxe8
28. Be3 a6 29. h5 Qe5 30. hxg6 hxg6 31. Qb3 Qe7 32. Bh3 Be5 33. Kg2 Bd6 34. Qc4
Nh7 35. Qh4 Qc7 36. Bh6 Qe7 37. Qd4 Nf6 38. Bf4 1-0

[Event "WYCC U16 Open 2013"]
[Site "Al-Ain UAE"]
[Date "2013.12.27"]
[Round "10.18"]
[White "Chandran, Kapil"]
[Black "Sardana, Rishi"]
[Result "0-1"]
[WhiteElo "2171"]
[BlackElo "2373"]
[WhiteFideId "2034077"]
[BlackFideId "25004301"]
[EventDate "2013.12.18"]

1. e4 c5 2. Nf3 d6 3. d4 cxd4 4. Nxd4 Nf6 5. Nc3 a6 6. h3 e5 7. Nde2 h5 8. Bg5
Be6 9. Bxf6 Qxf6 10. Nd5 Qd8 11. Nec3 g6 12. Ne3 Bh6 13. Ncd5 Nc6 14. c3 O-O 15.
Bc4 Kh8 16. O-O Rc8 17. Be2 Qh4 18. Bf3 f5 19. g3 Qd8 20. exf5 gxf5 21. Bxh5 Qg5
22. Kh2 Rg8 23. Rg1 Rcd8 24. f4 Qg7 25. Qd3 e4 26. Qd2 Ne7 27. Rad1 Nxd5 28.
Nxd5 Rc8 29. Ne3 d5 30. Nc2 Qh7 31. Rdf1 Bf8 32. Nd4 Bd7 33. Bd1 Rg6 34. Bb3 Bc5
35. Bxd5 Rh6 36. Kg2 Rd6 37. c4 b5 38. b3 Qg7 39. Rd1 bxc4 40. bxc4 Re8 41. Rge1
Rg6 42. Qc3 Bb4 43. Qe3 Bxe1 44. Rxe1 Qf6 45. Rb1 Re7 46. c5 Reg7 47. Ne2 Bb5
48. Rb3 Qd8 49. Nc3 Rxg3+ 50. Qxg3 Bf1+ 51. Kf2 Rxg3 52. Kxg3 Qc7 53. c6 Qg7+
54. Kf2 Qg2+ 55. Ke3 Qg1+ 56. Kd2 e3+ 57. Kc2 Qf2+ 58. Kb1 Bd3+ 59. Ka1 e2 60.
Rb8+ Kh7 61. Nxe2 Qe1+ 62. Kb2 Qxe2+ 63. Ka3 Qe7+ 64. Kb3 Kg6 65. Rb6 Qe3 66.
Rb8 Be4+ 0-1

[Event "WYCC U16 Open 2013"]
[Site "Al-Ain UAE"]
[Date "2013.12.27"]
[Round "10.19"]
[White "Kourkoulos-Arditis, Stamatis"]
[Black "Markoja, Boris"]
[Result "1-0"]
[WhiteElo "2297"]
[BlackElo "2167"]
[WhiteFideId "4221990"]
[BlackFideId "14608502"]
[EventDate "2013.12.18"]

1. e4 e5 2. Nf3 Nc6 3. Bb5 a6 4. Ba4 Nge7 5. c3 g6 6. d4 exd4 7. cxd4 b5 8. Bc2
Bg7 9. d5 Na5 10. O-O d6 11. Nc3 O-O 12. Re1 Bb7 13. Rb1 c6 14. dxc6 Naxc6 15.
Bg5 h6 16. Be3 b4 17. Na4 d5 18. Bb6 Qc8 19. Bc5 Rd8 20. Nb6 Qc7 21. exd5 Nxd5
22. Nxd5 Qa5 23. Bb6 Rxd5 24. Bxa5 Rxd1 25. Rbxd1 Nxa5 26. Ne5 Rc8 27. Ba4 g5
28. h4 gxh4 29. Rd4 Rc5 30. Rd8+ Kh7 31. Nxf7 Bf6 32. Rd7 Kg6 33. Nd8 Bxd8 34.
Rxd8 h3 35. Be8+ Kg5 36. gxh3 Kf6 37. Rd6+ Kg7 38. Rd3 Kf8 39. Bg6 1-0

[Event "WYCC U16 Open 2013"]
[Site "Al-Ain UAE"]
[Date "2013.12.27"]
[Round "10.20"]
[White "Sultan, Ibrahim"]
[Black "Lamard, Guillaume"]
[Result "0-1"]
[BlackTitle "FM"]
[WhiteElo "1954"]
[BlackElo "2288"]
[WhiteFideId "9301143"]
[BlackFideId "600261"]
[EventDate "2013.12.18"]

1. d4 d5 2. c4 c6 3. cxd5 cxd5 4. Nc3 Nc6 5. Bf4 e5 6. dxe5 d4 7. Ne4 Qa5+ 8.
Nd2 Nge7 9. Nf3 Ng6 10. Bg3 Be7 11. a3 Be6 12. b4 Qd5 13. Rc1 a5 14. Qa4 O-O 15.
b5 Ncxe5 16. Rd1 Rfd8 17. Nxe5 Nxe5 18. Bxe5 Qxe5 19. Nf3 Qc5 20. Nxd4 Qc3+ 21.
Rd2 Bxa3 22. Qc2 Bb4 23. e3 a4 24. Bd3 a3 25. Ke2 a2 26. Rhd1 Qxc2 0-1

[Event "WYCC U16 Open 2013"]
[Site "Al-Ain UAE"]
[Date "2013.12.27"]
[Round "10.21"]
[White "Eggink, Ryszard"]
[Black "Juhasz, Armin"]
[Result "1-0"]
[WhiteElo "2165"]
[BlackElo "2272"]
[WhiteFideId "1125869"]
[BlackFideId "724270"]
[EventDate "2013.12.18"]

1. d4 Nf6 2. c4 c5 3. d5 e5 4. Nc3 d6 5. e4 Be7 6. Bd3 Nbd7 7. Nge2 h5 8. h4 a6
9. f3 Nf8 10. Be3 Bd7 11. Qd2 Ng6 12. a3 O-O 13. Ng3 Nf4 14. Bxf4 exf4 15. Nge2
Nh7 16. Qxf4 b5 17. O-O Rb8 18. e5 dxe5 19. Qxe5 g6 20. d6 Bxh4 21. cxb5 axb5
22. Qxc5 b4 23. axb4 Ng5 24. Ra7 Be6 25. f4 Nh7 26. f5 Bd7 27. Nd5 Re8 28. Qc7
Nf6 29. Nxf6+ Qxf6 30. fxg6 Rxe2 31. Rxf6 Re1+ 32. Rf1 Rxf1+ 33. Bxf1 1-0

[Event "WYCC U16 Open 2013"]
[Site "Al-Ain UAE"]
[Date "2013.12.27"]
[Round "10.22"]
[White "Gorbanovsky, Oleg"]
[Black "Reshef, Omer"]
[Result "0-1"]
[WhiteElo "2147"]
[BlackElo "2253"]
[WhiteFideId "13903829"]
[BlackFideId "2804336"]
[EventDate "2013.12.18"]

1. e4 e5 2. Nf3 Nc6 3. Bc4 Bc5 4. c3 Nf6 5. d3 d6 6. h3 a6 7. Bb3 Ba7 8. Nbd2
O-O 9. Nf1 Ne7 10. Ng3 Ng6 11. O-O c6 12. d4 h6 13. Re1 Qc7 14. Nh2 Be6 15. Bc2
Rfe8 16. Ng4 Nxg4 17. hxg4 f6 18. Nf5 Ne7 19. Be3 Bf7 20. Qd2 Nxf5 21. gxf5 exd4
22. cxd4 d5 23. e5 fxe5 24. f6 e4 25. fxg7 Re6 26. Rad1 Bh5 27. f3 Bb8 28. g4
Bf7 29. fxe4 dxe4 30. Qg2 Kxg7 31. d5 cxd5 32. Rxd5 Ba7 33. Bxa7 Rxa7 34. Bxe4
Ra8 35. g5 h5 36. Rf5 Rae8 37. g6 Bxg6 38. Rg5 Qb6+ 39. Kh1 Kh8 40. Qg3 Rxe4 41.
Rg1 Qc6 42. Rxh5+ Kg7 43. Qg2 R4e6 44. Qxc6 Rxc6 45. Rd5 Re7 46. Rd2 Rce6 47.
Kh2 Re2+ 48. Rg2 Rxd2 49. Rxd2 Be4 50. Kg3 Rf7 51. Kg4 Bc6 52. Kg5 Rd7 53. Rf2
Rd5+ 54. Kf4 Kf6 55. Rh2 Ke6 56. Rh6+ Kd7 57. Ke3 Kc7 58. Rh2 Kb6 59. Rc2 Ra5
60. a3 Rd5 61. Rc4 Rb5 62. Rc2 Rg5 63. Rh2 Rg2 64. Rxg2 Bxg2 65. Kd4 Kb5 66. b3
Bh3 67. Kc3 Kc5 68. Kd3 Be6 69. Kc3 Bf7 70. Kb2 Kd4 71. Kc2 Be6 72. Kb2 Kd3 73.
a4 a5 74. Ka2 0-1

[Event "WYCC U16 Open 2013"]
[Site "Al-Ain UAE"]
[Date "2013.12.27"]
[Round "10.23"]
[White "Gireman, Ja"]
[Black "Cortes Orihuela, Javier"]
[Result "1/2-1/2"]
[WhiteElo "2248"]
[BlackElo "2131"]
[WhiteFideId "5043794"]
[BlackFideId "3414329"]
[EventDate "2013.12.18"]

1. e4 e5 2. Nf3 Nf6 3. Nxe5 d6 4. Nf3 Nxe4 5. Nc3 Nxc3 6. dxc3 Be7 7. Be3 Nc6 8.
Qd2 Be6 9. h4 Qd7 10. O-O-O Bf6 11. Ng5 Ne5 12. Nxe6 Qxe6 13. Kb1 Nc4 14. Bxc4
Qxc4 15. Bg5 Bxg5 16. Qxg5 O-O 17. h5 h6 18. Qg3 Rfe8 19. f3 Qc5 20. Qf4 Re2 21.
g4 Rae8 22. a3 Qe3 23. Qf5 Qe5 24. Qd7 Qa5 25. c4 R8e7 26. Qb5 Qxb5 27. cxb5
R2e5 28. a4 Re2 29. Rd3 R7e3 30. Rhd1 Kf8 31. a5 b6 32. a6 Ke7 33. b3 Rxd3 34.
Rxd3 Kd7 35. Kb2 Re5 36. c4 Re2+ 37. Kc3 Ra2 38. Re3 Ra1 39. Kd4 Rd1+ 40. Ke4 c6
41. bxc6+ Kxc6 42. Rc3 Re1+ 43. Kf4 Rb1 44. g5 hxg5+ 45. Kxg5 Kd7 46. f4 Ra1 47.
Rg3 Ke7 48. Re3+ Kf8 49. Rd3 Ke7 50. f5 Rg1+ 51. Kf4 Rh1 52. Kg4 Ra1 53. Re3+
Kf6 54. Rd3 Ke7 55. Kg5 Rg1+ 56. Kf4 Ra1 1/2-1/2

[Event "WYCC U16 Open 2013"]
[Site "Al-Ain UAE"]
[Date "2013.12.27"]
[Round "10.24"]
[White "Mousavi, Seyed Khalil"]
[Black "Tutisani, Noe"]
[Result "1-0"]
[WhiteTitle "FM"]
[WhiteElo "2238"]
[BlackElo "2120"]
[WhiteFideId "12511099"]
[BlackFideId "13602853"]
[EventDate "2013.12.18"]

1. Nf3 Nf6 2. c4 c5 3. Nc3 b6 4. g3 Bb7 5. Bg2 e6 6. d4 cxd4 7. Qxd4 d6 8. O-O
Be7 9. Bg5 h6 10. Bxf6 Bxf6 11. Qf4 Be7 12. Rad1 O-O 13. Nb5 g5 14. Qd2 d5 15.
cxd5 Bxd5 16. Qc2 Nd7 17. Nfd4 Rc8 18. Qb1 Bxg2 19. Kxg2 a6 20. Nxe6 1-0

[Event "WYCC U16 Open 2013"]
[Site "Al-Ain UAE"]
[Date "2013.12.27"]
[Round "10.25"]
[White "Repka, Christopher"]
[Black "Jumanov, Elbek"]
[Result "1-0"]
[WhiteElo "2391"]
[BlackElo "2019"]
[WhiteFideId "14918781"]
[BlackFideId "14202905"]
[EventDate "2013.12.18"]

1. d4 Nf6 2. Nf3 g6 3. c4 c5 4. g3 cxd4 5. Bg2 Qa5+ 6. Nbd2 Nc6 7. O-O Bg7 8.
Nb3 Qc7 9. Nbxd4 Nxd4 10. Qxd4 O-O 11. c5 Ne8 12. Qh4 Qxc5 13. Be3 Qc2 14. Qxe7
Qxe2 15. Ne5 Bf6 16. Qc5 d6 17. Qc4 Qxc4 18. Nxc4 Be6 19. Bxb7 Rd8 20. Na5 Bxb2
21. Rab1 Bc3 22. Nc6 Rd7 23. Bc8 Rc7 24. Bxe6 Rxc6 25. Bb3 a5 26. Rfc1 Ng7 27.
Bd5 Rcc8 28. Bb7 Rc7 29. Rb3 Rb8 30. Rcxc3 1-0

[Event "WYCC U16 Open 2013"]
[Site "Al-Ain UAE"]
[Date "2013.12.27"]
[Round "10.26"]
[White "Faizrakhmanov, Ramil"]
[Black "Hu, Bryan"]
[Result "1-0"]
[WhiteTitle "FM"]
[WhiteElo "2357"]
[BlackElo "2176"]
[WhiteFideId "24103209"]
[BlackFideId "2066327"]
[EventDate "2013.12.18"]

1. d4 Nf6 2. c4 c5 3. d5 b5 4. cxb5 a6 5. bxa6 g6 6. Nc3 Bxa6 7. Nf3 d6 8. e4
Bxf1 9. Kxf1 Bg7 10. g3 O-O 11. Kg2 Nbd7 12. a4 Qb6 13. Qc2 Rfb8 14. Nb5 Ne8 15.
Nd2 Qb7 16. Ra2 e6 17. dxe6 fxe6 18. b3 d5 19. Re1 Qc6 20. Bb2 Nef6 21. f3 Rc8
22. Raa1 Ra6 23. Rac1 Qa8 24. exd5 exd5 25. Re7 Bf8 26. Re2 Rac6 27. Qc3 Nb6 28.
Qe3 Re8 29. Qf2 Rd8 30. Be5 Qb7 31. Rce1 Qd7 32. Qe3 d4 33. Qg5 Nbd5 34. Ne4 Be7
35. Qh6 Bf8 36. Qd2 Be7 37. Kg1 Ne3 38. Rxe3 dxe3 39. Qxe3 Nd5 40. Qe2 Qf5 41.
f4 Nf6 42. Na7 Rb6 43. Bc7 Rxb3 44. Bxd8 Nxe4 45. Qxe4 Qxe4 46. Rxe4 Bxd8 47.
Re8+ Kg7 48. Rxd8 Ra3 49. Rc8 Rxa4 50. Nc6 Rc4 51. Ne5 Rc2 52. Rc7+ Kg8 53. Nd7
c4 54. Nb6 c3 55. Nd5 Rc1+ 56. Kg2 1-0

[Event "WYCC U16 Open 2013"]
[Site "Al-Ain UAE"]
[Date "2013.12.27"]
[Round "10.27"]
[White "Bellahcene, Bilel"]
[Black "Wagdy, Andro"]
[Result "1/2-1/2"]
[WhiteTitle "FM"]
[BlackTitle "FM"]
[WhiteElo "2311"]
[BlackElo "2109"]
[WhiteFideId "696358"]
[BlackFideId "10604413"]
[EventDate "2013.12.18"]

1. e4 e6 2. d4 d5 3. Nc3 Nf6 4. e5 Nfd7 5. f4 c5 6. Nf3 Nc6 7. Be3 a6 8. Qd2 b5
9. a3 Qb6 10. Qf2 cxd4 11. Nxd4 Nxd4 12. Bxd4 Bc5 13. Bxc5 Qxc5 14. Bd3 Qxf2+
15. Kxf2 O-O 16. Rhe1 Bb7 17. Ne2 f6 18. exf6 Rxf6 19. Kg1 Re8 20. Nd4 Kf7 21.
g3 e5 22. fxe5 Rxe5 23. c3 g6 24. Rxe5 Nxe5 25. Be2 Nc6 26. Rd1 Nxd4 27. Rxd4
Bc6 28. Kg2 Ke6 29. Bf3 Ke5 30. Kf2 Rf8 31. Ke3 Rf7 32. Bg2 Re7 33. Kd2 Rf7 34.
Ke3 Re7 35. Rd2 Kd6+ 36. Kd4 Re1 37. Bf3 Rf1 38. Bd1 Bd7 39. Bb3 Be6 40. a4 Re1
41. axb5 Re4+ 42. Kd3 axb5 43. Re2 Rxe2 44. Kxe2 Ke5 1/2-1/2

[Event "WYCC U16 Open 2013"]
[Site "Al-Ain UAE"]
[Date "2013.12.27"]
[Round "10.28"]
[White "Basso, Pier Luigi"]
[Black "Machan, Jan"]
[Result "1-0"]
[WhiteElo "2303"]
[BlackElo "2147"]
[WhiteFideId "866970"]
[BlackFideId "334774"]
[EventDate "2013.12.18"]

1. e4 e6 2. d4 d5 3. e5 c5 4. Nf3 cxd4 5. Bd3 Nc6 6. O-O Nge7 7. Bf4 Ng6 8. Bg3
Qb6 9. Nbd2 Bd7 10. Nb3 Rc8 11. Re1 Bb4 12. Re2 O-O 13. h4 f5 14. exf6 gxf6 15.
a3 Be7 16. h5 Nge5 17. Nxe5 fxe5 18. Bxe5 Nxe5 19. Rxe5 Bf6 20. Qg4+ Kh8 21.
Rae1 Bxe5 22. Rxe5 Qd8 23. Qxd4 Qf6 24. Nc5 Rc7 25. Qe3 Bc8 26. Nxe6 Re8 27.
Nxc7 Rxe5 28. Qxa7 Re1+ 29. Bf1 Qxb2 30. Qc5 Qg7 31. h6 Qe7 32. Qc3+ Qe5 33. Qf3
Bf5 34. Nxd5 Kg8 35. Ne3 Be4 36. Qg4+ Kf8 37. Qc8+ Kf7 38. Qc4+ Kf8 39. Qb4+ 1-0

[Event "WYCC U16 Open 2013"]
[Site "Al-Ain UAE"]
[Date "2013.12.27"]
[Round "10.29"]
[White "Petr, Jan2"]
[Black "Huber, Martin Christian"]
[Result "1-0"]
[WhiteElo "2151"]
[BlackElo "2290"]
[WhiteFideId "345784"]
[BlackFideId "1623435"]
[EventDate "2013.12.18"]

1. d4 Nf6 2. c4 g6 3. Nc3 d5 4. cxd5 Nxd5 5. e4 Nxc3 6. bxc3 Bg7 7. Bc4 c5 8.
Ne2 Nc6 9. Be3 O-O 10. O-O Na5 11. Bd3 b6 12. Qd2 Bb7 13. Rad1 cxd4 14. cxd4 Rc8
15. d5 Qd7 16. Bh6 Nc4 17. Bxc4 Rxc4 18. Bxg7 Kxg7 19. Nd4 Rd8 20. Qg5 h6 21.
Qh4 Qd6 22. f4 Qc5 23. Qf2 e6 24. f5 exf5 25. Kh1 Kg8 26. Qh4 Re8 27. Ne6 fxe6
28. Qxh6 Qe7 29. Qxg6+ Kf8 30. exf5 exf5 31. d6 Qf7 32. Qh6+ Kg8 33. Rd3 Bc8 34.
Rxf5 Rg4 35. Rh5 Rxg2 1-0

[Event "WYCC U16 Open 2013"]
[Site "Al-Ain UAE"]
[Date "2013.12.27"]
[Round "10.30"]
[White "Stremavicius, Titas"]
[Black "Sosovicka, Matej"]
[Result "1-0"]
[WhiteElo "2279"]
[BlackElo "2098"]
[WhiteFideId "12804444"]
[BlackFideId "14916770"]
[EventDate "2013.12.18"]

1. g3 d5 2. Bg2 Nf6 3. c4 e5 4. cxd5 Nxd5 5. Nf3 Nc6 6. d3 Be7 7. O-O O-O 8. Nc3
Be6 9. d4 exd4 10. Nb5 Nb6 11. Nbxd4 Bd5 12. Bf4 Nxd4 13. Qxd4 Bf6 14. Qc5 c6
15. Rad1 Re8 16. Qc2 Qe7 17. Rfe1 Bxa2 18. b3 Qa3 19. Nd2 a5 20. Ra1 Bxa1 21.
Rxa1 Bxb3 22. Nxb3 Qb4 23. Nc5 a4 24. Nxb7 Nd5 25. Bxd5 cxd5 26. Nd6 Red8 27.
Rb1 Qd4 28. Rd1 Qb6 29. Rb1 Qd4 30. Qf5 Qf6 31. Qxd5 a3 32. Be5 a2 33. Ra1 Qe6
34. Qxe6 fxe6 35. Ne4 Rd5 36. f4 Ra3 37. Kf2 Rb5 38. Nd2 g6 39. Ke1 Ra8 40. Kd1
Rd5 41. Bc3 Kf7 42. Kc2 Rc5 43. Nb3 Rb5 44. Nc1 g5 45. fxg5 Rxg5 46. Rxa2 Rxa2+
47. Nxa2 Rf5 48. Bd4 Kg6 49. Nc3 Rh5 50. Bg1 Kf5 51. Nd1 Kf6 52. Kd2 Ra5 53.
Bd4+ Kf5 54. Nf2 Ra2+ 55. Kd3 Ra3+ 56. Bc3 Ra2 57. Bb4 Ra4 58. e4+ 1-0

[Event "WYCC U16 Open 2013"]
[Site "Al-Ain UAE"]
[Date "2013.12.27"]
[Round "10.31"]
[White "Ghvamberia, Nika"]
[Black "Nuri, Murad"]
[Result "1-0"]
[WhiteElo "2086"]
[BlackElo "2250"]
[WhiteFideId "13602128"]
[BlackFideId "13404474"]
[EventDate "2013.12.18"]

1. e4 g6 2. d4 Bg7 3. Nc3 c6 4. Nf3 d5 5. e5 Bg4 6. h3 Bxf3 7. Qxf3 Qb6 8. Qd3
Nd7 9. Be2 Nh6 10. g4 f6 11. f4 fxe5 12. fxe5 O-O-O 13. Bg5 Nf7 14. Bf4 e6 15.
b4 Rhf8 16. Rf1 Qxb4 17. Rb1 Qa5 18. Kd1 a6 19. Bd2 Qc7 20. Qxa6 Nb8 21. Qa3
Nxe5 22. dxe5 Rxf1+ 23. Bxf1 Bxe5 24. Na4 Bd4 25. Qb4 e5 26. Nc5 Bxc5 27. Qxc5
Qf7 28. Be2 e4 29. Qa7 d4 30. Bf4 1-0

[Event "WYCC U16 Open 2013"]
[Site "Al-Ain UAE"]
[Date "2013.12.27"]
[Round "10.33"]
[White "Haavamae, Henrik"]
[Black "Hua, David A"]
[Result "1/2-1/2"]
[WhiteElo "2023"]
[BlackElo "2229"]
[WhiteFideId "4502973"]
[BlackFideId "2030047"]
[EventDate "2013.12.18"]

1. e4 c5 2. Nf3 e6 3. d4 cxd4 4. Nxd4 a6 5. Nc3 b5 6. Bd3 Qb6 7. Nf3 Qc7 8. O-O
Bb7 9. Re1 Be7 10. Bd2 b4 11. Na4 Nc6 12. Be3 d6 13. Rc1 Nf6 14. c3 bxc3 15.
Rxc3 Ng4 16. Nd4 Nxe3 17. fxe3 Bf6 18. Qc1 Rc8 19. Re2 Bxd4 20. exd4 Qa5 21. b3
O-O 22. Rec2 Ne7 23. Rc7 Rxc7 24. Rxc7 Rc8 25. Rxc8+ Bxc8 26. Kf2 Bb7 27. Qc3
Qxc3 28. Nxc3 Nc6 29. Ke3 Kf8 30. a3 Ke7 31. b4 g6 32. g3 1/2-1/2

[Event "WYCC U16 Open 2013"]
[Site "Al-Ain UAE"]
[Date "2013.12.27"]
[Round "10.34"]
[White "Dixit, Kumar"]
[Black "Jarmula, Lukasz"]
[Result "1/2-1/2"]
[WhiteElo "1951"]
[BlackElo "2213"]
[WhiteFideId "421103"]
[BlackFideId "1160664"]
[EventDate "2013.12.18"]

1. d4 d5 2. c4 e6 3. Nf3 c6 4. Nc3 dxc4 5. e3 b5 6. a4 Bb4 7. Bd2 a5 8. axb5
Bxc3 9. Bxc3 cxb5 10. b3 Bb7 11. d5 Nf6 12. bxc4 b4 13. Bxf6 Qxf6 14. Qa4+ Nd7
15. Nd4 Ke7 16. d6+ Kxd6 17. Rd1 Nc5 18. Nb3+ Ke7 19. Nxc5 Qc3+ 20. Rd2 Rhd8 21.
Qc2 Rxd2 22. Qxd2 Qa1+ 23. Qd1 Qc3+ 24. Qd2 Qa1+ 25. Qd1 Qc3+ 1/2-1/2

[Event "WYCC U16 Open 2013"]
[Site "Al-Ain UAE"]
[Date "2013.12.27"]
[Round "10.35"]
[White "Berman, Jacob"]
[Black "Wu, Christopher"]
[Result "0-1"]
[WhiteElo "1795"]
[BlackElo "2198"]
[WhiteFideId "2071010"]
[BlackFideId "2040875"]
[EventDate "2013.12.18"]

1. d4 Nf6 2. c4 e6 3. Nc3 Bb4 4. Qc2 O-O 5. a3 Bxc3+ 6. Qxc3 Qe8 7. f3 d6 8. Bg5
Nfd7 9. e4 e5 10. d5 a5 11. b4 axb4 12. axb4 Rxa1+ 13. Qxa1 f5 14. exf5 e4 15.
f4 h6 16. Bh4 c5 17. b5 Rxf5 18. Nh3 g5 19. fxg5 Ne5 20. Be2 Nf3+ 21. gxf3 exf3
22. Qb2 Qe4 23. Bf2 Re5 24. Nf4 fxe2 25. Rg1 Qxf4 26. gxh6+ Kh7 27. Bg3 Qe3 28.
Rg2 Qf3 29. Rxe2 Rxe2+ 30. Qxe2 Qxe2+ 31. Kxe2 Bg4+ 32. Ke3 Kxh6 33. Bxd6 Nd7
34. Be7 Bh3 35. Kf4 Kg6 36. Bd8 b6 37. Ke4 Bf1 38. Bxb6 Nxb6 39. Ke5 Nxc4+ 40.
Ke6 Nb6 41. Ke5 Bxb5 42. d6 c4 43. Kd4 Nd7 44. Kc3 Kf5 45. Kd4 Ke6 46. h4 Kxd6 0-1

[Event "WYCC U16 Open 2013"]
[Site "Al-Ain UAE"]
[Date "2013.12.27"]
[Round "10.36"]
[White "Grunau, Christoph"]
[Black "Enkhnar, Enkhbaatar"]
[Result "0-1"]
[WhiteElo "2066"]
[BlackElo "2309"]
[WhiteFideId "12929760"]
[BlackFideId "4900324"]
[EventDate "2013.12.18"]

1. e4 c5 2. Nf3 e6 3. d4 cxd4 4. Nxd4 a6 5. Nc3 Qc7 6. g3 b5 7. Bg2 Bb7 8. O-O
Nf6 9. Re1 d6 10. a4 bxa4 11. Rxa4 Be7 12. Bf4 e5 13. Nf5 g6 14. Nxe7 Qxe7 15.
Bh6 Nbd7 16. Rc4 Nc5 17. Nd5 Nxd5 18. exd5 Rc8 19. b4 Nd7 20. Rxc8+ Bxc8 21. c4
f6 22. Be3 O-O 23. c5 f5 24. Qc1 Qf7 25. Bh6 Re8 26. cxd6 e4 27. Qc7 Nf6 28.
Qxf7+ Kxf7 29. Be3 Nxd5 30. Bc5 Bd7 31. Bf1 Rb8 32. Bc4 Be6 33. Bxa6 Nxb4 34.
Be2 Nd3 35. Bxd3 exd3 36. Be3 Rb2 37. Rd1 Bd5 38. d7 Ke7 39. h4 Kxd7 40. Bf4 Ke6
41. f3 Bc4 42. Rd2 Rb1+ 43. Kf2 Kd5 44. Bh6 Rh1 45. Bg5 Bb5 46. Bf6 Kc4 47. Kg2
Rb1 48. Kf2 Bc6 49. Bg7 Rh1 50. Rb2 f4 51. gxf4 Rxh4 52. Ke3 Rh3 53. Rf2 h5 54.
Bf6 Bxf3 55. Rxf3 d2 56. Rxh3 d1=Q 57. Rh4 Qd3+ 58. Kf2 Kd5 59. Rh1 Ke4 60. Rh4
Qf3+ 61. Kg1 Qg3+ 0-1

[Event "WYCC U16 Open 2013"]
[Site "Al-Ain UAE"]
[Date "2013.12.27"]
[Round "10.37"]
[White "Dale, Ari"]
[Black "Montilli, Vincenzo"]
[Result "1/2-1/2"]
[WhiteTitle "IM"]
[WhiteElo "2289"]
[BlackElo "2039"]
[WhiteFideId "3213145"]
[BlackFideId "883913"]
[EventDate "2013.12.18"]

1. d4 Nf6 2. c4 g6 3. Nc3 Bg7 4. e4 d6 5. h3 O-O 6. Bg5 Nbd7 7. Nf3 e5 8. d5 a5
9. g4 Nc5 10. Nd2 h6 11. Be3 Nh7 12. Rg1 Kh8 13. Qc2 f5 14. gxf5 gxf5 15. Be2
Na6 16. exf5 Bxf5 17. Nde4 Qh4 18. Bg4 Bg6 19. Qe2 Nf6 20. Nxf6 Qxf6 21. O-O-O
Bh7 22. Rg3 Rae8 23. Bh5 Re7 24. Rdg1 Qf5 25. Bg6 Bxg6 26. Rxg6 Kh7 27. Qg4 Qxg4
28. R1xg4 Rf6 29. Rxf6 Bxf6 30. Ne4 Rf7 31. a3 Be7 32. Kc2 Rf3 33. Rg3 Rf7 34.
Kc3 b6 35. b4 axb4+ 36. axb4 Nb8 37. Rg1 Nd7 38. Ra1 Nf6 39. Ng3 Bf8 40. Ra7 Kg6
41. b5 1/2-1/2

[Event "WYCC U16 Open 2013"]
[Site "Al-Ain UAE"]
[Date "2013.12.27"]
[Round "10.38"]
[White "Carneiro, Vitor Roberto Castro"]
[Black "Lekic, Lazar"]
[Result "1/2-1/2"]
[WhiteTitle "CM"]
[WhiteElo "2277"]
[BlackElo "2071"]
[WhiteFideId "2130106"]
[BlackFideId "900052"]
[EventDate "2013.12.18"]

1. c4 e5 2. e3 Nc6 3. a3 g6 4. Nc3 Bg7 5. Nf3 f5 6. d4 e4 7. Nd2 a5 8. g4 Nf6 9.
gxf5 gxf5 10. Rg1 O-O 11. b3 Ne7 12. d5 d6 13. Bb2 Ng6 14. Be2 Ne5 15. Qc2 Nfg4
16. Bxg4 Nxg4 17. O-O-O Ne5 18. Kb1 Bd7 19. Ne2 Kh8 20. f4 exf3 21. Nxf3 Bf6 22.
Nxe5 Bxe5 23. Bxe5+ dxe5 24. Qc3 Qf6 25. Kb2 b5 26. cxb5 Bxb5 27. Ng3 Rab8 28.
Ka2 e4 29. Qxf6+ Rxf6 30. a4 Bd3 31. Rc1 f4 32. Nh5 Rfb6 33. Rxc7 f3 34. Rf7 Rh6
35. Rg5 Be2 36. d6 f2 37. Ng3 Rxh2 38. Nxe2 f1=Q 39. Rxf1 Rxe2+ 40. Ka3 Rxe3 41.
Rb5 Rd8 42. Rxa5 Rxd6 43. Rf7 Rg6 44. Raa7 Kg8 45. Rfe7 Rf6 46. Rg7+ Kf8 47.
Rxh7 Kg8 48. Rhc7 Re1 49. Ra8+ Rf8 50. Rxf8+ Kxf8 51. Kb2 e3 52. Rc3 Ke7 53. Rc1
Re2+ 54. Kc3 Kd6 55. Rb1 Rh2 56. Re1 e2 57. b4 Kc6 58. Rg1 Rh3+ 59. Kd2 Rh4 60.
Rg6+ Kb7 61. Rg7+ Kb8 1/2-1/2

[Event "WYCC U16 Open 2013"]
[Site "Al-Ain UAE"]
[Date "2013.12.27"]
[Round "10.39"]
[White "Horton, Andrew P"]
[Black "Bilguun, Sumiya"]
[Result "0-1"]
[BlackTitle "FM"]
[WhiteElo "2086"]
[BlackElo "2270"]
[WhiteFideId "424269"]
[BlackFideId "4901541"]
[EventDate "2013.12.18"]

1. Nf3 c5 2. c4 b6 3. g3 Bb7 4. Bg2 e6 5. O-O Nf6 6. b3 Be7 7. Bb2 d6 8. e3 Nbd7
9. Nc3 O-O 10. Qe2 a6 11. d4 Qc7 12. Rfd1 Rfe8 13. Rac1 Rac8 14. h3 Qb8 15. Nh4
Bf8 16. d5 e5 17. g4 h6 18. Nf5 g6 19. Ng3 Rc7 20. a4 Qd8 21. Qd2 Bg7 22. Rf1
Nh7 23. Rce1 Ndf8 24. Nce4 Bc8 25. Qc2 f5 26. gxf5 gxf5 27. Nd2 e4 28. Bxg7 Rxg7
29. Nh5 Rg5 30. Nf4 Ng6 31. f3 Nh4 32. Kh2 Nf6 33. Bh1 Qe7 34. Rg1 Kf7 35. Qd1
Reg8 36. Qe2 exf3 37. Nxf3 Nxf3+ 38. Bxf3 Ke8 39. Rg2 Ng4+ 40. Bxg4 fxg4 41.
Reg1 gxh3 42. Qh5+ Kd8 43. Rxg5 hxg5 44. Ng6 Qxe3 45. Qxg5+ Qxg5 46. Rxg5 Bd7
47. Rg3 Bf5 48. Nh4 Rxg3 49. Kxg3 Bc2 50. a5 bxa5 51. Nf3 Bxb3 52. Nd2 Bc2 53.
Kxh3 a4 0-1

[Event "WYCC U16 Open 2013"]
[Site "Al-Ain UAE"]
[Date "2013.12.27"]
[Round "10.40"]
[White "Kessler, Luca"]
[Black "Sokac, Marko"]
[Result "0-1"]
[WhiteElo "2249"]
[BlackElo "2038"]
[WhiteFideId "1600087"]
[BlackFideId "14531356"]
[EventDate "2013.12.18"]

1. e4 c5 2. Nf3 d6 3. d4 cxd4 4. Nxd4 Nf6 5. Nc3 a6 6. Be3 e6 7. Be2 Be7 8. a4
b6 9. Bf3 Ra7 10. e5 dxe5 11. Nb3 Rd7 12. Qe2 Nd5 13. Bd2 Nc6 14. Nxd5 exd5 15.
c4 e4 16. Bg4 Rd6 17. Bxc8 Qxc8 18. cxd5 Rxd5 19. O-O Qe6 20. Qxa6 Rd3 21. a5
Rxb3 22. Qa8+ Bd8 23. a6 O-O 24. Rfc1 Bg5 25. Qb7 Na5 26. Qc7 Bxd2 27. a7 Bxc1
28. Qb8 Qc8 0-1